Hipócrita lector / (Record no. 90554)

MARC details
000 -LEADER
campo de control de longitud fija 00550nam a2200193 i 4500
001 - NÚMERO DE CONTROL
campo de control 90554
003 - IDENTIFICADOR DE NÚMERO DE CONTROL
campo de control ES-MaACL
005 - FECHA Y HORA DE LA ÚLTIMA TRANSACCIÓN
campo de control 20260215175250.0
007 - CAMPO FIJO DE DESCRIPCIÓN FÍSICA--INFORMACIÓN GENERAL
campo de control de longitud fija t|
008 - DATOS DE LONGITUD FIJA--INFORMACIÓN GENERAL
campo de control de longitud fija 050121s1966 an ||||1| spa d
100 1# - ENTRADA PRINCIPAL--NOMBRE DE PERSONA
Nombre de persona Lecarme, Pierre.
9 (RLIN) 71050
245 10 - MENCIÓN DEL TÍTULO
Título Hipócrita lector /
Mención de responsabilidad, etc. Pierre Lecarme ; [traduit per A. Tomás].
250 ## - MENCION DE EDICION
Mención de edición [1ª ed.].
260 ## - PUBLICACIÓN, DISTRIBUCIÓN, ETC.
Lugar de publicación, distribución, etc. Andorra :
Nombre del editor, distribuidor, etc. Casal y Vall,
Fecha de publicación, distribución, etc. [1966]
300 ## - DESCRIPCIÓN FÍSICA
Extensión 176 p. ;
Dimensiones 19 cm.
700 0# - ENTRADA AGREGADA--NOMBRE PERSONAL
Nombre de persona Tomas, Alberto,
Títulos y otros términos asociados al nombre (O.S.B.)
9 (RLIN) 110496
852 ## - LOCALIZACIÓN
Ubicación ES-MaACL
Número de control de estantería C-31011
Sublocalización o colección R.61631
Holdings
Estatus retirado Estado de pérdida Estado de daño No para préstamo Biblioteca de origen Biblioteca actual Ubicación en estantería Fecha de adquisición Fuente de adquisición Total de préstamos Signatura topográfica completa Código de barras Visto por última vez Precio de reemplazo Tipo de ítem Koha
        Biblioteca del Ateneo de Madrid Biblioteca del Ateneo de Madrid Depósito 2 17/01/2008     C-31011 1094558 23/02/2023 23/02/2023 Libro impreso